000 06289nam a2200325 i 4500
003 DO-SdBNP
005 20260305074000.0
006 a||||gr|||| 00| 0
007 ta
008 230413e2011 dr ac||gr|||| 001 edspa d
020 _a9789945004816
040 _aDO-SdBNP
_bspa
_cBNPHU
_erda
082 4 _222
_bG463a
100 1 _924925
_aGil, Orlando,
_d1949-
245 1 0 _aAhora que los dioses duermen :
_b35 años de análisis político /
_cOrlando Gil ; fotografías, Archivos Cándido Gerón.
264 1 _a[Santo Domingo] :
_bLozano, CxA,
_c2011
300 _a525 páginas :
_bilustraciones, retratos ;
_c21 cm.
336 _2rdaconten
_atexto
_btxt
337 _2rdamedia
_asin medición
_bn
338 _2rdacarrier
_avolumen
_bn
500 _aIncluye índice onomástico.
500 _aLa biblioteca posee el tomo 1
505 _aExordio del editor.
505 _aIntroducción.
505 _aJoaquín Balaguer.
_tUn político Admirable.-- El Chepazo como categoría Histórica.-- A palabras huecas, oídos.-- Un hombre que necesita de los demás.-- Acotaciones al margen de un discurso.-- En torno a la importancia de unas palabras presidenciales.-- La obligación del gobierno.-- La comicidad política.-- Apuntes sobre el problema educativo dominicano.-- Reconocimiento, solidaridad y apreciaciones polémicas.-- La UASD que usted no conoce.--
_tLa UASD que usted no conoce (Cuestionamiento de un problema).-- La UASD que usted no conoce (Cuestionamiento de un problema-número tres).-- El piloto dominicano, un técnico marginado.-- Lo no discutible.-- Mi postura "reaccionaria".-- ¡Rescatemos a Duarte!.-- El año internacional de la Mujer (El artículo y la burla lo acompaña).-- La Iglesia y el momento político.-- El éxito de la contrainsurgencia política.-- Los socialcristiano balagueristas.-- Corrupción y desigualdad social.--
_tEl presupuesto de Agricultura.-- El mismo doctor Balaguer.-- Las irregularidades agrarias.-- El poder es humano.--Una desconsideración merecida.-- ¿Se desenmascaró?.-- La ilusión democrática de siete días.-- La política de los precios topes.-- El doctor no tiene tierras ni ganado.-- Biblioteca: La soltería en la historia dominicana.-- Los aumentos del gobierno.-- Los aumentos del Gobierno.-- Lo que no es lo mismo.-- La elecciones del tiempo de cambio.--
_tLa izquierda y el campo.-- La Reforma Agraria es un hecho irreversible.-- Reforma Agraria y violencia.-- Balaguer: ¿gobierno y oposición? Lo negativo del secuestro.-- Lo positivo del secuestro.-- Lo inconveniente de un enfrentamiento.-- Sigamos esperando lo mejor.-- La Iglesia y el desarrollo dominicano.-- La iglesia y el campesino.-- Botellas, frascos y damajuana administrativas.-- ¿Hacia dónde vamos?.-- La variante de los cuerpos políticos del Gobierno.-- ¿Un Balaguer mejor?.-- Cuidadito, compa y gallo, cuidadito.-- El gobierno busca tiempo, sólo tiempo.-- Otras tareas esperan.--
_t¿Al diálogo otra vez?.-- ¡Tenemos que disciplinarnos!.-- El Presidente tiene la palabra.-- ¡Ahí es donde usted lo daña, señor Gobierno!.-- Frustración y alegría en el pueblo político.-- Insurrección de salón en el Palacio nacional.-- ¿Pedirá Cacao el Gobierno?.-- El doctor Balaguer ante su pensamiento político.-- Una echada hacia atrás del Gobierno.-- La hora de organizarse.-- Le están cayendo todos los palitos encima.-- Honra personal y deshonra gubernamental.--
_tCorrupción gubernamental y desviación popular.-- Desocupación y pueblo.-- ¡Seguimos ocupados!.-- ¡Pa´que afinque!.-- Estamos en las mismas condiciones.-- Miedo + miedo = terror.-- Una larga espera.-- Opinión Pública, Gulf and Wstrem y gobierno.-- ¡Repudiemos la capitulación opositora!.-- ¡Solución sin Balaguer!.--El pastorcillo que gustaba contar mentiras.-- Cordura y sensatez de parte del Gobierno.-- Lo que no entendieron los reeleccionistas.--
_tEl acuerdo fue sensato y honesto.-- Perón, Balaguer, la juventud y el engaño.-- ¿Lo buenos no se cambia?.-- Sin título.-- Seguimiento trillando el mismo camino histórico.-- El aguinaldo del Presidente y los empresarios.-- ¿Necesita la izquierda un Balaguer?.-- Un largo momento político de derecha.-- Los democráticos se van a unir.-- Todavía nos queda la esperanza.-- La corrupción de la verdad.-- "A manera de ensayo."-- La reelección es cosa compleja.--
_t¿A dónde quieren llevar al negro?.-- Consideraciones en torno al problema de la gasolina.-- Lo que dicen de nosotros allende los mares.-- Lo que dicen de nosotros allende los mares.-- Una reunión importante y trascendente.-- Crónica de buen sentido Nivar Seijas, ¿aglutinador de la oposición?.-- El cansancio de un hombre como expresión política.-- Un fantasma ronda la institucionalidad del país.-- Signos equivocados de democracia interna.--
_tEnseñanzas que deben aprenderse.-- El azúcar refino: de la confusión al infundio.-- Balaguer en Nueva York (uno).-- El doctor Balaguer en Nueva York (dos).-- El doctor Balaguer en Nueva York (tres).-- El doctor Balaguer en Nueva York (y cuatro).-- El discurso presidencia.-- ¿Se compra o se vende?.-- La división y la debilidad.-- De los partidos.-- La situación del país es de duda I.-- La situación del país es de duda II.-- El asalto a lo desconocido: un sofisma sutil.--
_tEl discurso de un candidato, no el de un presidente.-- Pobreza conceptual en la vida política dominicana.-- Un candidato que inspira temor.-- Todo es cuestión de entendimiento.-- Las posibles alianzas o los anuncios falsos.-- La democracia estará en entredicho.-- La situación todavía es de espera.-- Bosch, el gran perdedor.-- "¡Jefes ordinarios, pueblos extraordinarios!".-- Con el fanatismo delirante y la fantasía jurídica ronda la desgracia.--
_tEs de tono persistir en el error.-- El último discurso del doctor Balaguer -I-.-- El último discurso del doctor Balaguer -II-.-- El último discurso del doctor Balaguer -III-.-- El último discurso del doctor Balaguer -y IV-.-- Balaguer ¿la historia dará cuenta de él?.-- Con estupor ante la ingnonimia -y II.-- Una presidencia con poderes enajenados.-- Índice onomástico.
590 _aInventariado 2023 / MF
700 1 _aFajardo, Puro
_ediagramador
_983259
700 1 _aGerón, Candido,
_d1948-
_efotografía
_93577
942 _2ddc
_cLBS1
999 _c53249
_d53249